| 000 | 01467cam a22003614a 4500 | ||
|---|---|---|---|
| 001 | 15233423 | ||
| 003 | CO-ViMGA | ||
| 005 | 20230915232206.0 | ||
| 008 | 080326s2007 ck a 000 0 spa | ||
| 020 | _a9789583601200 (obra completa) | ||
| 020 | _a9789583601217 (t. 1) | ||
| 020 | _a9789583601224 (t. 2) | ||
| 020 | _a9789583601231 (t. 3) | ||
| 020 | _a9789583601248 (t. 4) | ||
| 020 | _a9789583601255 (t. 5) | ||
| 020 | _a9789583601262 (t. 6) | ||
| 020 | _a9789583601279 (t. 7) | ||
| 020 | _a9789583601286 (t. 8) | ||
| 020 | _a9789583601293 (t. 9) | ||
| 020 | _a9789583601309 (t. 10) | ||
| 040 |
_aCO-ViMGA _bspa _cCO-ViMGA |
||
| 082 | 0 | 0 |
_a860 _222 _bO78s |
| 245 | 0 | 0 |
_aSelección Samper Ortega de literatura colombiana / _bantología y prólogo de Juan Gustavo Cobo Borda. |
| 250 | _a1. ed. | ||
| 260 |
_aBogotá : _bÁncora Editores, _c2007. |
||
| 300 |
_a10 v. _bill. ; _c24 cm. |
||
| 500 | _aSelections from a work originally edited in 100 v. between 1928 and 1936 by Daniel Samper Ortega. | ||
| 505 | 0 | _a1. Prosa literaria -- 2. Cuento y novela -- 3. Cuadros de costumbres -- 4. Historia y leyendas -- 5. Ciencias y educación -- 6. Ensayos -- 7. Periodismo -- 8. Elocuencia -- 9. Teatro -- 10. Poesía. | |
| 650 | 0 |
_aColombian literature. _91809 |
|
| 700 | 1 |
_aCobo Borda, J. G., _d1948- _91810 |
|
| 700 | 1 |
_aSamper Ortega, Daniel, _d1895-1943. _tSelección Samper Ortega de literatura colombiana. _kSelections. _91811 |
|
| 942 |
_2ddc _cBK |
||
| 999 |
_c33606 _d33606 |
||